000 00940nam a2200217 i 4500
001 C00041126c
005 20241029145316.0
008 001115s1918 sp a 000 0 spa d
080 _a903(460.224 Bílbilis)
100 1 _aSentenach y Cabañas, Narciso (
_d1856-1925)
_929646
245 1 0 _aExcavaciones en Bílbilis (Cerro de Bámbola-Calatayud)
_b: memoria de las exploraciones y excavaciones practicadas en el año 1917 /
_cpor Narciso Sentenach y Cabañas.
260 _aMadrid :
_bRevista de Arch., Bibl. y Museos,
_c1918.
300 _a21 p., [2] h. de lám. ;
_c25 cm.
500 _aMemorias de la Junta Superior de Excavaciones y Antigüedades, nº 3.
650 4 _aExcavaciones (Arqueología)-
_zEspaña-
_zCalatayud.
_992180
651 4 _aBílbilis (Calatayud, España)
_927154
710 2 _aJunta Superior de Excavaciones y Antigüedades (
_cMadrid)
_95521
852 4 2 _jF-5181; F-5285
999 _c40220
_d40220